[Event "Olimpiada Dresden 2008 Femenina"]
[Site "Dresden GER"]
[Date "2008.11.23"]
[Round "10.18"]
[White "De Rosa, Maria"]
[Black "Newrkla, Katharina"]
[Result "1-0"]
[WhiteElo "2083"]
[BlackElo "2071"]
[PlyCount "89"]
[EventDate "2008.11.13"]
[EventType "team-swiss"]
[EventRounds "11"]
[EventCountry "GER"]
[Source "lmi"]
[SourceDate "2008.11.13"]
[WhiteTeam "Italia"]
[BlackTeam "Austria"]
[WhiteTeamCountry "ITA"]
[BlackTeamCountry "AUT"]

1. e4 c5 2. Nf3 d6 3. d4 cxd4 4. Qxd4 Nc6 5. Bb5 Qd7 6. Qd3 a6 7. Bxc6 Qxc6 8.
Nc3 b5 9. O-O Bb7 10. Re1 Rc8 11. a3 e6 12. Bf4 Be7 13. Rad1 Rd8 14. Qe3 Nf6
15. Nd4 Qc5 16. Qe2 O-O 17. Rd2 Rc8 18. Nb3 Qb6 19. Red1 Rxc3 20. bxc3 Nxe4 21.
Rd3 Rc8 22. Qe1 a5 23. Be3 Qc7 24. Bd4 Bd5 25. f3 Nf6 26. Nd2 Nh5 27. Ne4 Nf4
28. R3d2 Bc6 29. Qg3 e5 30. Be3 d5 31. Nc5 Ba8 32. Nd3 Ng6 33. f4 exf4 34. Nxf4
Nxf4 35. Bxf4 Qxc3 36. Rd3 Qxc2 37. Rc1 Qxc1+ 38. Bxc1 Rxc1+ 39. Kf2 Rc2+ 40.
Ke1 Rc8 41. Qg4 Rc6 42. Re3 h5 43. Qd7 Bg5 44. Re8+ Kh7 45. Qf5+ 1-0

[Event "Olimpiada Dresden 2008 Femenina"]
[Site "Dresden GER"]
[Date "2008.11.23"]
[Round "10.19"]
[White "Leite, Catarina"]
[Black "Golubenko, Valentina"]
[Result "1/2-1/2"]
[WhiteElo "2153"]
[BlackElo "2273"]
[PlyCount "94"]
[EventDate "2008.11.13"]
[EventType "team-swiss"]
[EventRounds "11"]
[EventCountry "GER"]
[Source "lmi"]
[SourceDate "2008.11.13"]
[WhiteTeam "Portugal"]
[BlackTeam "Croacia"]
[WhiteTeamCountry "POR"]
[BlackTeamCountry "CRO"]

1. e4 e6 2. d3 c5 3. g3 Nc6 4. Bg2 Nge7 5. Be3 d5 6. c3 d4 7. Bc1 g6 8. Ne2 Bg7
9. O-O O-O 10. c4 a6 11. a4 Rb8 12. Nd2 e5 13. f4 Bg4 14. f5 gxf5 15. h3 Bxe2
16. Qxe2 fxe4 17. Nxe4 f5 18. Nxc5 Qd6 19. Nb3 Kh8 20. Nd2 Qg6 21. Kh2 Nb4 22.
Nf3 f4 23. gxf4 Qxd3 24. Qxd3 Nxd3 25. fxe5 Nxe5 26. Bg5 Nxf3+ 27. Rxf3 Rxf3
28. Bxf3 Ng6 29. Re1 Ne5 30. Bd5 Rf8 31. Kg2 Nd3 32. Re2 h6 33. Bd2 b6 34. b4
a5 35. bxa5 bxa5 36. Kg1 Nc5 37. Bxa5 Nxa4 38. Rf2 Rb8 39. Kg2 d3 40. Bd2 Bd4
41. Rf4 Rb2 42. Rxd4 Rxd2+ 43. Kf3 Nb2 44. Be4 Rc2 45. Bxd3 Nxd3 46. Rxd3 Rxc4
47. Rd7 Ra4 1/2-1/2

[Event "Olimpiada Dresden 2008 Femenina"]
[Site "Dresden GER"]
[Date "2008.11.23"]
[Round "10.19"]
[White "Medic, Mirjana"]
[Black "Pintor, Ariana"]
[Result "1-0"]
[WhiteElo "2281"]
[BlackElo "2152"]
[PlyCount "81"]
[EventDate "2008.11.13"]
[EventType "team-swiss"]
[EventRounds "11"]
[EventCountry "GER"]
[Source "lmi"]
[SourceDate "2008.11.13"]
[WhiteTeam "Croacia"]
[BlackTeam "Portugal"]
[WhiteTeamCountry "CRO"]
[BlackTeamCountry "POR"]

1. d4 Nf6 2. c4 g6 3. Nf3 Bg7 4. g3 d6 5. Bg2 O-O 6. O-O Nbd7 7. Nc3 e5 8. h3
a6 9. Re1 Rb8 10. e4 exd4 11. Nxd4 Ne5 12. b3 c5 13. Nde2 b5 14. f4 Ned7 15.
Rb1 b4 16. Nd5 Re8 17. Qd3 Nb6 18. Nxf6+ Bxf6 19. Bb2 Bb7 20. g4 Bxb2 21. Rxb2
Qe7 22. Ng3 d5 23. cxd5 Nxd5 24. Rf1 Nc3 25. Rbf2 Rbd8 26. Qc2 Qh4 27. Kh2 Rd4
28. e5 Bc8 29. Ne2 Nd1 30. Nxd4 Ne3 31. Nf3 Qh6 32. g5 Qh5 33. Qxc5 Nxg2 34.
Kxg2 Bxh3+ 35. Kg3 Rc8 36. Qd4 Qg4+ 37. Kh2 Bxf1 38. Rxf1 Rc2+ 39. Rf2 Qh5+ 40.
Kg3 Rc1 41. Rh2 1-0

[Event "Olimpiada Dresden 2008 Femenina"]
[Site "Dresden GER"]
[Date "2008.11.23"]
[Round "10.19"]
[White "Baptista, Ana Filipa"]
[Black "Franciskovic, Borka"]
[Result "1/2-1/2"]
[WhiteElo "2168"]
[BlackElo "2275"]
[PlyCount "83"]
[EventDate "2008.11.13"]
[EventType "team-swiss"]
[EventRounds "11"]
[EventCountry "GER"]
[Source "lmi"]
[SourceDate "2008.11.13"]
[WhiteTeam "Portugal"]
[BlackTeam "Croacia"]
[WhiteTeamCountry "POR"]
[BlackTeamCountry "CRO"]

1. e4 c6 2. d4 d5 3. exd5 cxd5 4. Bd3 Nc6 5. c3 Qc7 6. h3 Nf6 7. Nf3 g6 8. Bg5
Bg7 9. Qb3 O-O 10. O-O Be6 11. Nbd2 Rad8 12. Rae1 Nh5 13. Qd1 Nf4 14. Bxf4 Qxf4
15. Qe2 Bf5 16. Bxf5 Qxf5 17. Nb3 Rfe8 18. Ne5 Bxe5 19. dxe5 d4 20. Nxd4 Nxd4
21. cxd4 Rxd4 22. Qb5 Qd7 23. Qxd7 Rxd7 24. Re2 Rc8 25. Rfe1 e6 26. Kh2 b6 27.
Kg3 Kg7 28. Kf3 g5 29. g4 Rc5 30. Kg3 Rd4 31. h4 gxh4+ 32. Kxh4 Rd3 33. Rh1 Rc4
34. Rh3 Rdd4 35. f3 Rc1 36. Kg5 Rc5 37. Rh6 Rc8 38. Reh2 Rh8 39. Rc2 Rhd8 40.
Rch2 Rh8 41. Rc2 Rhd8 42. Rch2 1/2-1/2

[Event "Olimpiada Dresden 2008 Femenina"]
[Site "Dresden GER"]
[Date "2008.11.23"]
[Round "10.19"]
[White "Jelica, Mara"]
[Black "Coimbra, Margarida"]
[Result "1/2-1/2"]
[WhiteElo "2205"]
[BlackElo "2105"]
[PlyCount "61"]
[EventDate "2008.11.13"]
[EventType "team-swiss"]
[EventRounds "11"]
[EventCountry "GER"]
[Source "lmi"]
[SourceDate "2008.11.13"]
[WhiteTeam "Croacia"]
[BlackTeam "Portugal"]
[WhiteTeamCountry "CRO"]
[BlackTeamCountry "POR"]

1. e4 e5 2. Nc3 Nf6 3. g3 d5 4. exd5 Nxd5 5. Bg2 Nxc3 6. bxc3 Nc6 7. Qe2 Bd6 8.
Nf3 O-O 9. O-O Re8 10. d3 h6 11. Nd2 Bc5 12. a4 a5 13. Rb1 Qd7 14. Re1 b6 15.
d4 Bd6 16. Bb2 Bb7 17. Qb5 Rad8 18. d5 Nb8 19. Bf1 Re7 20. Qb3 Na6 21. Bxa6
Bxa6 22. Ne4 Ree8 23. c4 Bb4 24. c3 Bf8 25. Rbd1 f5 26. Nd2 Bc5 27. Ba3 Qd6 28.
Bxc5 Qxc5 29. Qc2 Bxc4 30. Nxc4 Qxc4 31. Qxf5 1/2-1/2

[Event "Olimpiada Dresden 2008 Femenina"]
[Site "Dresden GER"]
[Date "2008.11.23"]
[Round "10.20"]
[White "Ortiz, Nadya Karolina"]
[Black "Tilenbaeva, Janyl"]
[Result "0-1"]
[WhiteElo "2230"]
[BlackElo "2037"]
[PlyCount "110"]
[EventDate "2008.11.13"]
[EventType "team-swiss"]
[EventRounds "11"]
[EventCountry "GER"]
[Source "lmi"]
[SourceDate "2008.11.13"]
[WhiteTeam "Colombia"]
[BlackTeam "Kyrgyzstan"]
[WhiteTeamCountry "COL"]
[BlackTeamCountry "KGZ"]

1. e4 c6 2. d4 d5 3. f3 Nf6 4. Nc3 e6 5. Bf4 Qa5 6. Qd3 Bd7 7. O-O-O Na6 8. Kb1
Rc8 9. e5 Ng8 10. Bd2 Nb4 11. Qe2 c5 12. dxc5 Qxc5 13. Be3 Qa5 14. Qd2 Ne7 15.
a3 Nbc6 16. Nb5 Nf5 17. Qxa5 Nxa5 18. Bxa7 Nc4 19. Bxc4 Rxc4 20. b3 Rh4 21. Nc3
Bxa3 22. g4 Ne7 23. Bf2 Rh6 24. Be3 Rg6 25. h4 h5 26. g5 Nf5 27. Bf2 f6 28. f4
O-O 29. Nh3 Bc6 30. Ne2 d4 31. Rh2 Bf3 32. Be1 Ne3 33. Rd3 Ng4 34. Rxf3 Nxh2
35. Rg3 Bc5 36. f5 fxe5 37. fxg6 d3 38. Nc1 Rf1 39. Rxd3 Rxe1 40. Rd8+ Bf8 41.
Kb2 Nf3 42. Nd3 Rf1 43. Re8 e4 44. Nc5 Nxh4 45. Nxe4 Nxg6 46. Rxe6 Nf4 47. Nxf4
Rxf4 48. g6 h4 49. Ng5 Rf5 50. Nh7 h3 51. Re3 h2 52. Re1 Rh5 53. Re8 Rxh7 54.
gxh7+ Kxh7 55. Re1 g5 0-1

[Event "Olimpiada Dresden 2008 Femenina"]
[Site "Dresden GER"]
[Date "2008.11.23"]
[Round "10.20"]
[White "Ostry, Irina"]
[Black "Chirivi C, Yenny Astrid"]
[Result "0-1"]
[WhiteElo "2183"]
[BlackElo "2175"]
[PlyCount "81"]
[EventDate "2008.11.13"]
[EventType "team-swiss"]
[EventRounds "11"]
[EventCountry "GER"]
[Source "lmi"]
[SourceDate "2008.11.13"]
[WhiteTeam "Kyrgyzstan"]
[BlackTeam "Colombia"]
[WhiteTeamCountry "KGZ"]
[BlackTeamCountry "COL"]

1. e4 c5 2. Nf3 e6 3. d4 cxd4 4. Nxd4 a6 5. Bd3 Bc5 6. Nb3 Be7 7. O-O d6 8. a4
b6 9. a5 b5 10. Be3 Nd7 11. Qe2 Ngf6 12. f4 Qc7 13. N1d2 O-O 14. c4 bxc4 15.
Nxc4 Rb8 16. Ncd2 Rb4 17. Rfc1 Qb7 18. Ra3 e5 19. h3 Re8 20. Qf3 exf4 21. Bxf4
Ne5 22. Bxe5 dxe5 23. Bc4 Bd7 24. Raa1 Bc6 25. Re1 Rb8 26. Rac1 Ba4 27. Re3 h6
28. Kh1 Bc6 29. Qf5 Bd6 30. Rg3 Nxe4 31. Nxe4 Bxe4 32. Qg4 g6 33. Nd2 Bd5 34.
Ne4 Bxe4 35. b3 Bd5 36. Rd3 Bxc4 37. bxc4 Rb1 38. Rcd1 Bf8 39. Kh2 Rxd1 40. Re3
e4 41. Rxe4 0-1

[Event "Olimpiada Dresden 2008 Femenina"]
[Site "Dresden GER"]
[Date "2008.11.23"]
[Round "10.20"]
[White "Mateus, Martha"]
[Black "Lim, Greta"]
[Result "0-1"]
[WhiteElo "2138"]
[BlackElo "2072"]
[PlyCount "60"]
[EventDate "2008.11.13"]
[EventType "team-swiss"]
[EventRounds "11"]
[EventCountry "GER"]
[Source "lmi"]
[SourceDate "2008.11.13"]
[WhiteTeam "Colombia"]
[BlackTeam "Kyrgyzstan"]
[WhiteTeamCountry "COL"]
[BlackTeamCountry "KGZ"]

1. e4 c6 2. d4 d5 3. e5 Bf5 4. Nf3 e6 5. a3 a5 6. Nbd2 b5 7. Be2 Ne7 8. Nf1 h6
9. h3 Nd7 10. g4 Bh7 11. Ng3 Qc7 12. Be3 Nc8 13. h4 Ncb6 14. g5 Nc4 15. Bxc4
bxc4 16. h5 c5 17. g6 fxg6 18. Nh4 cxd4 19. Bxd4 g5 20. Ng6 Bxg6 21. hxg6 Nxe5
22. Qe2 Nxg6 23. O-O-O Nf4 24. Qg4 O-O-O 25. Rhe1 Bd6 26. Re3 Kb8 27. Bc3 Rhe8
28. Ne2 Nxe2+ 29. Qxe2 Bf4 30. Be5 Qxe5 0-1

[Event "Olimpiada Dresden 2008 Femenina"]
[Site "Dresden GER"]
[Date "2008.11.23"]
[Round "10.20"]
[White "Shyngys Kyzy, Aijarkyn"]
[Black "Herrera, Milena"]
[Result "1/2-1/2"]
[WhiteElo "1707"]
[BlackElo "2070"]
[PlyCount "163"]
[EventDate "2008.11.13"]
[EventType "team-swiss"]
[EventRounds "11"]
[EventCountry "GER"]
[Source "lmi"]
[SourceDate "2008.11.13"]
[WhiteTeam "Kyrgyzstan"]
[BlackTeam "Colombia"]
[WhiteTeamCountry "KGZ"]
[BlackTeamCountry "COL"]

1. e4 c5 2. Nf3 e6 3. d4 cxd4 4. Nxd4 a6 5. Nc3 Qc7 6. Bd3 Nf6 7. O-O Nc6 8.
Nxc6 bxc6 9. Qe2 e5 10. Be3 Be7 11. Na4 a5 12. b3 d5 13. exd5 cxd5 14. Bb6 Qb8
15. Rfe1 O-O 16. Qxe5 Bd6 17. Qd4 Bxh2+ 18. Kh1 Ng4 19. g3 Bxg3 20. fxg3 Qxg3
21. Re2 Bb7 22. Rg2 Qh4+ 23. Kg1 h5 24. Bf5 Rae8 25. Bxg4 Re4 26. Qf2 Rxg4 27.
Qxh4 Rxh4 28. Bxa5 d4 29. Rh2 Rg4+ 30. Kf1 Ba6+ 31. Kf2 Rc8 32. Rc1 d3 33. c4
Rc6 34. Re1 g6 35. Re8+ Kg7 36. Bc3+ f6 37. Re7+ Kg8 38. Rd7 Bxc4 39. bxc4
Rcxc4 40. Ra7 Rxa4 41. Rxa4 Rxa4 42. Ke3 f5 43. Kxd3 Kf7 44. Re2 h4 45. Rg2 h3
46. Rh2 Rh4 47. Be1 Rh7 48. Ke3 g5 49. a4 Kg6 50. Kf3 g4+ 51. Kg3 Rd7 52. Re2
Rd3+ 53. Kh2 f4 54. Bd2 Kf5 55. a5 Ra3 56. Bb4 Ra4 57. Rb2 Ra1 58. Bc3 Rc1 59.
Bd2 g3+ 60. Kxh3 Rh1+ 61. Kg2 Rh2+ 62. Kg1 f3 63. Rb5+ Kg4 64. Rb4+ Kh3 65. Rf4
f2+ 66. Kf1 Rh1+ 67. Ke2 g2 68. Rf3+ Kg4 69. Rf4+ Kh5 70. Rf5+ Kh4 71. Rf4+ Kg3
72. Rf3+ Kg4 73. Rf4+ Kh3 74. Rf3+ Kh4 75. Rf4+ Kh5 76. Rf5+ Kh4 77. Rf4+ Kh3
78. Rf3+ Kh4 79. Rf4+ Kh3 80. Rf3+ Kh4 81. Rf4+ Kh3 82. Rf3+ 1/2-1/2

[Event "Olimpiada Dresden 2008 Femenina"]
[Site "Dresden GER"]
[Date "2008.11.23"]
[Round "10.21"]
[White "Ubaldo Suarez, Maria Gisela"]
[Black "Seps, Monika"]
[Result "0-1"]
[WhiteElo "2089"]
[BlackElo "2203"]
[PlyCount "106"]
[EventDate "2008.11.13"]
[EventType "team-swiss"]
[EventRounds "11"]
[EventCountry "GER"]
[Source "lmi"]
[SourceDate "2008.11.13"]
[WhiteTeam "Venezuela"]
[BlackTeam "Suiza"]
[WhiteTeamCountry "VEN"]
[BlackTeamCountry "SUI"]

1. d4 Nf6 2. c4 g6 3. Nc3 Bg7 4. e4 d6 5. Be2 O-O 6. Nf3 e5 7. O-O Nc6 8. d5
Ne7 9. Ne1 Nd7 10. Be3 f5 11. f3 f4 12. Bf2 g5 13. b4 Nf6 14. c5 h5 15. cxd6
cxd6 16. Rc1 g4 17. Nb5 g3 18. hxg3 fxg3 19. Bxg3 Bh6 20. Rc3 Bd7 21. Qc2 Bxb5
22. Bxb5 Qb6+ 23. Bf2 Qxb5 24. Nd3 Rac8 25. Rd1 a6 26. Rc7 Rxc7 27. Qxc7 Qd7
28. Qc4 Ng6 29. Rb1 Kh7 30. b5 Rc8 31. Qb3 axb5 32. Qxb5 Qxb5 33. Rxb5 Rc7 34.
Rb6 Ne8 35. g3 Bg5 36. Kg2 Kg7 37. Rb3 Kf7 38. Nb2 Nf6 39. a4 h4 40. gxh4 Bxh4
41. Bxh4 Nxh4+ 42. Kg3 Ng6 43. Nd3 Ke7 44. Rb4 Kd8 45. Rb6 Rd7 46. Rb1 Rg7 47.
Kf2 Nh5 48. Rg1 Ke8 49. Ke3 Kf8 50. Nb2 Nhf4 51. Nc4 Rd7 52. Rh1 Rc7 53. Nxd6
Rc2 0-1

[Event "Olimpiada Dresden 2008 Femenina"]
[Site "Dresden GER"]
[Date "2008.11.23"]
[Round "10.21"]
[White "Lematschko, Tatjana"]
[Black "Han Wong, Irene Estefania"]
[Result "1-0"]
[WhiteElo "2195"]
[BlackElo "2098"]
[PlyCount "101"]
[EventDate "2008.11.13"]
[EventType "team-swiss"]
[EventRounds "11"]
[EventCountry "GER"]
[Source "lmi"]
[SourceDate "2008.11.13"]
[WhiteTeam "Suiza"]
[BlackTeam "Venezuela"]
[WhiteTeamCountry "SUI"]
[BlackTeamCountry "VEN"]

1. d4 Nf6 2. c4 g6 3. Nc3 Bg7 4. e4 d6 5. Nf3 O-O 6. Be3 e5 7. d5 Ng4 8. Bg5 f6
9. Bh4 a5 10. Nd2 Na6 11. f3 Ne3 12. Qb1 Nb4 13. a3 Nec2+ 14. Kd1 Nxa1 15. Qxa1
Na6 16. g4 Bd7 17. Bd3 Qc8 18. Bf2 f5 19. gxf5 gxf5 20. Be3 Kh8 21. Qb1 Nc5 22.
Be2 a4 23. Kc2 Rg8 24. Qe1 Bf6 25. h4 c6 26. Kb1 Be8 27. Bxc5 dxc5 28. Bd1 b5
29. dxc6 b4 30. Nd5 Qxc6 31. axb4 cxb4 32. Nxb4 Qb7 33. Nd5 Bg7 34. Qe3 Bf7 35.
Rh2 Rgb8 36. Qc3 Rc8 37. Ne3 fxe4 38. Nxe4 Qc7 39. Rc2 Bg6 40. Nd5 Qd8 41. Qe1
Ra7 42. Be2 Rb8 43. Ka2 Rab7 44. Bd1 Rb3 45. Rh2 Rd3 46. Bxa4 Rxf3 47. h5 Be8
48. Bd1 Rd3 49. h6 Bf8 50. Qf1 Rxd5 51. Qxf8# 1-0

[Event "Olimpiada Dresden 2008 Femenina"]
[Site "Dresden GER"]
[Date "2008.11.23"]
[Round "10.22"]
[White "Cramling, Pia"]
[Black "Caoili, Arianne"]
[Result "1-0"]
[WhiteElo "2550"]
[BlackElo "2170"]
[PlyCount "79"]
[EventDate "2008.11.13"]
[EventType "team-swiss"]
[EventRounds "11"]
[EventCountry "GER"]
[Source "lmi"]
[SourceDate "2008.11.13"]
[WhiteTeam "Suecia"]
[BlackTeam "Australia"]
[WhiteTeamCountry "SWE"]
[BlackTeamCountry "AUS"]

1. d4 d5 2. Nf3 c6 3. c4 dxc4 4. e3 Be6 5. Nc3 b5 6. a4 b4 7. Ne4 Nf6 8. Ng3
Bd5 9. Qc2 Bxf3 10. gxf3 a5 11. Bxc4 e6 12. f4 g6 13. Bd2 Nbd7 14. O-O c5 15.
Ne4 cxd4 16. Nxf6+ Nxf6 17. Bb5+ Ke7 18. Rac1 Bh6 19. Bc6 Rc8 20. Qc5+ Qd6 21.
Qxa5 Rb8 22. Bb5 Nd5 23. Qa7+ Kf8 24. Rc6 Qd8 25. Qxd4 Bg7 26. Qc5+ Kg8 27.
Bxb4 h5 28. Ba3 Qh4 29. Be2 Kh7 30. Qa7 Nf6 31. f3 e5 32. Be7 Rxb2 33. Bxf6
Bxf6 34. Qxf7+ Kh6 35. Rxf6 Rg8 36. Rf2 Rb7 37. Qxb7 Qxf6 38. Qe4 Re8 39. fxe5
Qb6 40. Qf4+ 1-0

[Event "Olimpiada Dresden 2008 Femenina"]
[Site "Dresden GER"]
[Date "2008.11.23"]
[Round "10.22"]
[White "Nguyen, Thu Giang"]
[Black "Tetenkina, Irina"]
[Result "0-1"]
[WhiteElo "2101"]
[BlackElo "2243"]
[PlyCount "102"]
[EventDate "2008.11.13"]
[EventType "team-swiss"]
[EventRounds "11"]
[EventCountry "GER"]
[Source "lmi"]
[SourceDate "2008.11.13"]
[WhiteTeam "Australia"]
[BlackTeam "Suecia"]
[WhiteTeamCountry "AUS"]
[BlackTeamCountry "SWE"]

1. e4 e6 2. d3 d5 3. Nd2 c5 4. Ngf3 Nf6 5. g3 Nc6 6. Bg2 Be7 7. O-O Qc7 8. Re1
b6 9. Qe2 Bb7 10. e5 Nd7 11. c4 d4 12. Nf1 h6 13. h4 O-O-O 14. a3 g5 15. hxg5
hxg5 16. g4 Rdg8 17. Ng3 Rh4 18. Nxh4 gxh4 19. Bf4 hxg3 20. Bxg3 Qd8 21. b4
cxb4 22. axb4 Bxb4 23. Reb1 a5 24. Qf3 Qe7 25. Qf4 Nc5 26. Rd1 Bc3 27. Rac1 Nb4
28. Bf1 Bc6 29. Rb1 Rh8 30. f3 a4 31. Bf2 Rd8 32. Kg2 a3 33. Rxb4 Bxb4 34. Bxd4
a2 35. Bb2 Qa7 36. d4 Nb3 37. Qe3 a1=Q 38. Bxa1 Nxa1 39. d5 exd5 40. cxd5 Rxd5
41. Rc1 Bc5 42. Qf4 Nb3 43. Rc3 Nd4 44. Bc4 Ne6 45. Qh6 Qa1 46. Rc1 Qb2+ 47.
Kh3 Rd2 48. Bxe6+ fxe6 49. Qxe6+ Bd7 50. Qg8+ Kb7 51. Qc4 Qxe5 0-1

[Event "Olimpiada Dresden 2008 Femenina"]
[Site "Dresden GER"]
[Date "2008.11.23"]
[Round "10.22"]
[White "Agrest, Inna"]
[Black "Moylan, Laura"]
[Result "1/2-1/2"]
[WhiteElo "2215"]
[BlackElo "2114"]
[PlyCount "101"]
[EventDate "2008.11.13"]
[EventType "team-swiss"]
[EventRounds "11"]
[EventCountry "GER"]
[Source "lmi"]
[SourceDate "2008.11.13"]
[WhiteTeam "Suecia"]
[BlackTeam "Australia"]
[WhiteTeamCountry "SWE"]
[BlackTeamCountry "AUS"]

1. e4 c5 2. Nf3 d6 3. d4 cxd4 4. Nxd4 Nf6 5. Nc3 g6 6. Be3 Bg7 7. f3 Nc6 8. Bc4
O-O 9. Qd2 Bd7 10. Bb3 Qa5 11. O-O-O Rfc8 12. Kb1 Ne5 13. h4 Nc4 14. Bxc4 Rxc4
15. h5 Rxc3 16. bxc3 Nxh5 17. g4 Nf6 18. Nb3 Qb5 19. c4 Qxc4 20. e5 Nxg4 21.
fxg4 Bxg4 22. Rdf1 dxe5 23. Bh6 Bh8 24. Bg5 f6 25. Be3 h5 26. Bc5 Qf7 27. Qb4
e6 28. Nd2 b6 29. Bd6 Bf5 30. Nc4 Bg7 31. Ne3 Rd8 32. Rd1 Bf8 33. Bxf8 Qxf8 34.
Rxd8 Qxd8 35. Rd1 Qe8 36. Nxf5 exf5 37. Qd6 Kg7 38. Qc7+ Kh6 39. Qxa7 Qb5+ 40.
Kc1 Qb4 41. a3 Qc5 42. Qa4 f4 43. Rd3 f5 44. Qa8 e4 45. Qh8+ Kg5 46. Rh3 Qd6
47. Rh1 Qxa3+ 48. Kb1 Qb4+ 49. Kc1 Qa3+ 50. Kb1 Qb4+ 51. Kc1 1/2-1/2

[Event "Olimpiada Dresden 2008 Femenina"]
[Site "Dresden GER"]
[Date "2008.11.23"]
[Round "10.22"]
[White "Dekic, Biljana N"]
[Black "Pavlovskaia, Evgenia"]
[Result "1/2-1/2"]
[WhiteElo "2103"]
[BlackElo "2197"]
[PlyCount "111"]
[EventDate "2008.11.13"]
[EventType "team-swiss"]
[EventRounds "11"]
[EventCountry "GER"]
[Source "lmi"]
[SourceDate "2008.11.13"]
[WhiteTeam "Australia"]
[BlackTeam "Suecia"]
[WhiteTeamCountry "AUS"]
[BlackTeamCountry "SWE"]

1. e4 c6 2. d4 d5 3. Nd2 dxe4 4. Nxe4 Bf5 5. Ng3 Bg6 6. h4 h6 7. h5 Bh7 8. Nf3
Nd7 9. Bd3 Bxd3 10. Qxd3 e6 11. Bf4 Ngf6 12. O-O-O Qa5 13. a3 Be7 14. Bd2 Qc7
15. Ne4 Nxe4 16. Qxe4 O-O-O 17. g3 Nf6 18. Qe2 c5 19. dxc5 Rd5 20. Bf4 Qxc5 21.
Ne5 Rhd8 22. Nxf7 Rxd1+ 23. Rxd1 Rxd1+ 24. Qxd1 Qxf2 25. Kb1 Qc5 26. Ne5 Bd6
27. Nd3 Qd4 28. Qe2 Qd5 29. Bxd6 Qxd6 30. Ne5 Qd5 31. g4 Qe4 32. Qb5 Qh1+ 33.
Ka2 Qd5+ 34. Qxd5 exd5 35. Kb3 Kc7 36. Kc3 Kd6 37. Kd4 Ke6 38. b3 Kd6 39. c4
dxc4 40. Nxc4+ Ke6 41. Ne3 Ne8 42. Ke4 Nd6+ 43. Kf4 Nb5 44. Nf5 Kf6 45. a4 Nc7
46. Nd6 Ne6+ 47. Kg3 Nc5 48. b4 Nxa4 49. Nxb7 Nb6 50. Nd6 Nd5 51. b5 Nc7 52.
Kf4 Ke6 53. Nf5 Kf6 54. Nd6 Ke6 55. Nf5 Kf6 56. Ke4 1/2-1/2

[Event "Olimpiada Dresden 2008 Femenina"]
[Site "Dresden GER"]
[Date "2008.11.23"]
[Round "10.23"]
[White "Pourkashiyan, Atousa"]
[Black "Berend, Elvira"]
[Result "1-0"]
[WhiteElo "2241"]
[BlackElo "2328"]
[PlyCount "99"]
[EventDate "2008.11.13"]
[EventType "team-swiss"]
[EventRounds "11"]
[EventCountry "GER"]
[Source "lmi"]
[SourceDate "2008.11.13"]
[WhiteTeam "Irán"]
[BlackTeam "Luxemburgo"]
[WhiteTeamCountry "IRI"]
[BlackTeamCountry "LUX"]

1. e4 c5 2. Nf3 e6 3. d4 cxd4 4. Nxd4 a6 5. Nc3 b5 6. Bd3 d6 7. O-O Nf6 8. Kh1
Nbd7 9. f4 Bb7 10. a3 Be7 11. Qe2 Nc5 12. Bd2 O-O 13. b4 Nxd3 14. cxd3 Re8 15.
Rf3 Nd7 16. Rh3 Nf8 17. Rf1 Rc8 18. Qg4 Bf6 19. Nde2 Qd7 20. Qg3 g6 21. d4 Bg7
22. f5 exf5 23. exf5 gxf5 24. Bh6 Ng6 25. Bxg7 Rxc3 26. Nxc3 f4 27. Qd3 Kxg7
28. d5 Re5 29. Rhf3 Kg8 30. h3 Qe7 31. Qd4 Qg5 32. Ne4 Qe7 33. Nc3 Qg5 34. R3f2
Bxd5 35. Nxd5 Rxd5 36. Qb6 Nh4 37. Qxa6 Nf5 38. Re1 Ne3 39. Qc8+ Kg7 40. Qc3+
Re5 41. Qd4 Nf5 42. Rxe5 Ng3+ 43. Kh2 dxe5 44. Qd7 Nf5 45. Qxb5 f6 46. Qb7+ Kg6
47. Qf3 h5 48. a4 Nh4 49. Qd3+ f5 50. Qd6+ 1-0

[Event "Olimpiada Dresden 2008 Femenina"]
[Site "Dresden GER"]
[Date "2008.11.23"]
[Round "10.23"]
[White "Wagener, Anna"]
[Black "Paridar, Shadi"]
[Result "1/2-1/2"]
[WhiteElo "2246"]
[BlackElo "2248"]
[PlyCount "69"]
[EventDate "2008.11.13"]
[EventType "team-swiss"]
[EventRounds "11"]
[EventCountry "GER"]
[Source "lmi"]
[SourceDate "2008.11.13"]
[WhiteTeam "Luxemburgo"]
[BlackTeam "Irán"]
[WhiteTeamCountry "LUX"]
[BlackTeamCountry "IRI"]

1. e4 c5 2. d3 e6 3. g3 d5 4. Bg2 Nc6 5. f4 Be7 6. c3 dxe4 7. dxe4 Qxd1+ 8.
Kxd1 b6 9. Be3 Bb7 10. Nd2 Nf6 11. h3 O-O-O 12. Kc2 Ba6 13. Bf1 Bb7 14. Bg2 Na5
15. Re1 Ne8 16. Ngf3 Nd6 17. Bf2 Ndc4 18. Rd1 Rd7 19. Rhe1 f6 20. Bf1 Nxd2 21.
Nxd2 Rhd8 22. h4 g6 23. h5 f5 24. hxg6 hxg6 25. Bb5 Bc6 26. Bxc6 Nxc6 27. exf5
exf5 28. Re6 Rd6 29. Rxd6 Rxd6 30. Re1 Kd7 31. Nf3 Re6 32. Kd3 Rd6+ 33. Kc2 Re6
34. Kd3 Rd6+ 35. Kc2 1/2-1/2

[Event "Olimpiada Dresden 2008 Femenina"]
[Site "Dresden GER"]
[Date "2008.11.23"]
[Round "10.23"]
[White "Ghader Pour, Shayesteh"]
[Black "Steil-Antoni, Fiona"]
[Result "1-0"]
[WhiteElo "2149"]
[BlackElo "2166"]
[PlyCount "51"]
[EventDate "2008.11.13"]
[EventType "team-swiss"]
[EventRounds "11"]
[EventCountry "GER"]
[Source "lmi"]
[SourceDate "2008.11.13"]
[WhiteTeam "Irán"]
[BlackTeam "Luxemburgo"]
[WhiteTeamCountry "IRI"]
[BlackTeamCountry "LUX"]

1. e4 e5 2. Nf3 Nc6 3. Bb5 a6 4. Bxc6 dxc6 5. O-O Qd6 6. d4 f6 7. c3 Bg4 8. Be3
O-O-O 9. Nbd2 Ne7 10. Qc2 Ng6 11. a4 Kb8 12. b4 Nf4 13. Rfb1 Bd7 14. b5 cxb5
15. axb5 Bxb5 16. Bxf4 exf4 17. c4 Bd7 18. c5 Qc6 19. Nc4 Re8 20. Na5 Qxe4 21.
Rxb7+ Kc8 22. Qb3 Bb5 23. Rxb5 axb5 24. Qxb5 g5 25. c6 Bh6 26. Nb7 1-0

[Event "Olimpiada Dresden 2008 Femenina"]
[Site "Dresden GER"]
[Date "2008.11.23"]
[Round "10.23"]
[White "Bakalarz, Grazyna"]
[Black "Salman Mahini, Mona"]
[Result "1/2-1/2"]
[WhiteElo "2001"]
[BlackElo "2113"]
[PlyCount "60"]
[EventDate "2008.11.13"]
[EventType "team-swiss"]
[EventRounds "11"]
[EventCountry "GER"]
[Source "lmi"]
[SourceDate "2008.11.13"]
[WhiteTeam "Luxemburgo"]
[BlackTeam "Irán"]
[WhiteTeamCountry "LUX"]
[BlackTeamCountry "IRI"]

1. d4 d5 2. Bf4 Nf6 3. e3 Bf5 4. c4 c6 5. Nc3 e6 6. Qb3 Qb6 7. c5 Qxb3 8. axb3
Nbd7 9. b4 Nh5 10. b5 e5 11. Bxe5 Nxe5 12. dxe5 g5 13. Be2 Ng7 14. b4 Ne6 15.
Nf3 Bg7 16. Kd2 Be4 17. bxc6 bxc6 18. Nd4 Bxe5 19. Nxe4 dxe4 20. Kc3 Ke7 21.
Ra6 Rhd8 22. Rd1 Rd7 23. Kc4 Bxd4 24. exd4 Rad8 25. Bg4 Rxd4+ 26. Rxd4 Rxd4+
27. Kc3 Rd3+ 28. Kc4 Rd4+ 29. Kc3 Rd3+ 30. Kc4 Rd4+ 1/2-1/2